000 00598nam a2200229 i 4500
001 bgj
100 1 _aSHAKESPEARE, William
_d(1564-1616)
245 1 0 _aMacbeth /
_cWilliam Shakespeare.
250 _aPenguin/Godfrey cave edition.
260 _aLondon [etc.] :
_bPenguin Books,
_c1994.
300 _a124 pp ;
_c18 cm.
600 1 9 _aMacbeth, King of Scotland, 11th century
650 9 _aPlays
650 9 _aTragedies
655 _aDrama
020 _a0140620796
040 _cBPK
041 _aeng
920 _a0-14-062079-6
942 _cKS
008 s uk f |000 0 eng
999 _c47778
_d47778
856 _uhttp://koha.tu.koszalin.pl/cgi-bin/koha/opac-detail.pl?biblionumber=47778
_yKatalog online BPK